[Event "Longueuil CC Invitation"]
[Site "Longueuil CAN"]
[Date "1990.09.14"]
[Round "2"]
[White "Rousseau, Daniel"]
[Black "Vaillancourt, Luc"]
[Result "1-0"]
[WhiteElo "2063"]
[BlackElo "1914"]
[PlyCount "45"]
[GameId "2160767912464461"]
[EventDate "1990.09.07"]
[EventType "tourn"]
[EventRounds "7"]
[EventCountry "CAN"]
[SourceTitle "FQE 03"]

1. c4 Nf6 2. Nc3 g6 3. e4 d6 4. d4 Bg7 5. f3 O-O 6. Be3 b6 7. Bd3 Na6 8. Qa4 c5 9. d5 Qd7 10. Qd1 Nc7 11. Nge2 e6 12. Qd2 exd5 13. exd5 Re8 14. O-O-O a6 15. g4 Qe7 16. Bg5 b5 17. Ng3 Qf8 18. Rhe1 Bd7 19. Qf4 Rxe1 20. Rxe1 bxc4 21. Bxc4 Re8 22. Rd1 Qe7 23. Nge4 1-0

[Event "Longueuil CC Invitation"]
[Site "Longueuil CAN"]
[Date "1990.09.21"]
[Round "3"]
[White "Finta, Robert"]
[Black "Rousseau, Daniel"]
[Result "1-0"]
[WhiteElo "2072"]
[BlackElo "2063"]
[PlyCount "113"]
[GameId "2160767912464463"]
[EventDate "1990.09.07"]
[EventType "tourn"]
[EventRounds "7"]
[EventCountry "CAN"]
[SourceTitle "FQE 04"]

1. e4 e5 2. Nf3 Nc6 3. Bb5 a6 4. Ba4 Nf6 5. O-O Be7 6. Re1 b5 7. Bb3 d6 8. c3 O-O 9. h3 Bb7 10. d4 Re8 11. Nbd2 Bf8 12. Bc2 g6 13. a4 exd4 14. cxd4 Nb4 15. Bb1 c5 16. e5 dxe5 17. dxe5 Nd7 18. axb5 axb5 19. Rxa8 Qxa8 20. Ne4 Bc6 21. Neg5 c4 22. e6 fxe6 23. Nh4 Qd8 24. Nxg6 hxg6 25. Bxg6 Nf6 26. Bxe8 Qxe8 27. Rxe6 Qd7 28. Qxd7 Nxd7 29. Bd2 Nd3 30. Rg6+ Bg7 31. Rxc6 Bxb2 32. Rc8+ Kg7 33. Rc7 N3c5 34. Bb4 Be5 35. Bxc5 Bxc7 36. Ne6+ Kf6 37. Nxc7 Nxc5 38. Nxb5 Ke5 39. Kf1 Nd3 40. g3 Ke4 41. Ke2 Nc1+ 42. Kd2 Nd3 43. Ke2 Nc1+ 44. Kd2 Nd3 45. Ke2 Nc1+ 46. Kf1 Kd3 47. h4 Nb3 48. h5 Nd2+ 49. Kg2 Ne4 50. h6 Nf6 51. Kf3 c3 52. Nxc3 Kxc3 53. g4 Nh7 54. Kf4 Kd4 55. g5 Nf8 56. Kf5 Kd5 57. g6 1-0

[Event "Longueuil CC Invitation"]
[Site "Longueuil CAN"]
[Date "1990.10.12"]
[Round "5"]
[White "Arsenault, Nicolas"]
[Black "Rousseau, Daniel"]
[Result "1-0"]
[WhiteElo "1987"]
[BlackElo "2063"]
[PlyCount "86"]
[GameId "2160767912464470"]
[EventDate "1990.09.07"]
[EventType "tourn"]
[EventRounds "7"]
[EventCountry "CAN"]
[SourceTitle "hb 2011"]

1. d4 Nf6 2. Nf3 g6 3. c4 Bg7 4. Nc3 O-O 5. e4 d6 6. Be2 e5 7. O-O Nc6 8. d5 Ne7 9. Ne1 Nd7 10. Nd3 f5 11. Bd2 Nf6 12. f3 f4 13. c5 g5 14. cxd6 cxd6 15. Nf2 Rf7 16. Qc2 Ng6 17. Rfc1 a6 18. a4 h5 19. h3 g4 20. fxg4 hxg4 21. hxg4 Ne8 22. Ncd1 Bf6 23. Ra3 Bh4 24. Nh3 Bg3 25. Ndf2 Bd7 26. Rc3 Qh4 27. Nh1 Nf6 28. Nxg3 fxg3 29. Bg5 Qh7 30. Rxg3 Nf4 31. Nxf4 exf4 32. Rh3 Qg7 33. Bxf4 Nxg4 34. Bxg4 Bxg4 35. Bh6 Qe5 36. Rc3 Rf6 37. Bd2 Raf8 38. Be3 Rf3 39. gxf3 Qg3+ 40. Qg2 Qxg2+ 41. Kxg2 Bxf3+ 42. Kg3 Bxe4 43. Rc7 Bxd5 1-0

[Event "Longueuil CC Invitation"]
[Site "Longueuil CAN"]
[Date "1990.10.05"]
[Round "6"]
[White "Rousseau, Daniel"]
[Black "Bergeron, Marc"]
[Result "0-1"]
[WhiteElo "2063"]
[BlackElo "2033"]
[PlyCount "46"]
[GameId "2160767912464474"]
[EventDate "1990.09.07"]
[EventType "tourn"]
[EventRounds "7"]
[EventCountry "CAN"]
[SourceTitle "hb 2011"]

1. e4 Nc6 2. Nf3 d6 3. d4 Nf6 4. Nc3 Bg4 5. Be2 e6 6. Be3 d5 7. Ne5 Bxe2 8. Qxe2 Bb4 9. Qb5 O-O 10. exd5 Bxc3+ 11. bxc3 Nxe5 12. dxe5 Qxd5 13. Rb1 Qxg2 14. Qf1 Qxf1+ 15. Kxf1 Nd5 16. Rxb7 Rfb8 17. Rxa7 Rxa7 18. Bxa7 Rb1+ 19. Kg2 Nf4+ 20. Kf3 Rxh1 21. Kxf4 Rxh2 22. Bd4 Rh1 23. c4 Rc1 0-1

[Event "Longueuil CC Invitation"]
[Site "Longueuil CAN"]
[Date "1990.10.19"]
[Round "6"]
[White "Morin, Louis"]
[Black "Rousseau, Daniel"]
[Result "1-0"]
[WhiteElo "1918"]
[BlackElo "2063"]
[PlyCount "65"]
[GameId "2160767912464477"]
[EventDate "1990.09.07"]
[EventType "tourn"]
[EventRounds "7"]
[EventCountry "CAN"]
[SourceTitle "FQE 03"]

1. e4 g6 2. d4 Bg7 3. Nc3 c5 4. Nf3 cxd4 5. Nxd4 Nc6 6. Be3 Nf6 7. f3 O-O 8. Qd2 d6 9. g4 h5 10. g5 Nd7 11. f4 Nb6 12. O-O-O Na5 13. b3 Bg4 14. Re1 Rc8 15. Nb1 Nd7 16. h3 Nc5 17. hxg4 Bxd4 18. Bxd4 Ncxb3+ 19. axb3 Nxb3+ 20. Kd1 Nxd2 21. Nxd2 Qc7 22. Bd3 e5 23. Be3 Qd7 24. f5 a5 25. gxh5 gxf5 26. exf5 d5 27. h6 f6 28. g6 e4 29. h7+ Kh8 30. Bh6 Rfe8 31. g7+ Kxh7 32. g8=Q+ Kxg8 33. Reg1+ 1-0

[Event "Montreal op"]
[Site "Montreal CAN"]
[Date "1990.09.01"]
[Round "1"]
[White "Steiner, Paul"]
[Black "Rousseau, Daniel"]
[Result "0-1"]
[WhiteElo "1859"]
[BlackElo "2063"]
[PlyCount "63"]
[GameId "2160767912464494"]
[EventDate "1990.09.01"]
[EventType "swiss"]
[EventRounds "6"]
[EventCountry "CAN"]
[SourceTitle "hb 2011"]

1. e4 e5 2. Nf3 Nc6 3. Bb5 a6 4. Ba4 Nf6 5. O-O Be7 6. d4 b5 7. dxe5 Nxe4 8. Bb3 Nc5 9. Bd5 Rb8 10. Bxc6 dxc6 11. Nd4 Qd7 12. Be3 O-O 13. Qf3 Bb7 14. Rd1 Qe8 15. Qg3 f5 16. Nd2 Qf7 17. f4 Na4 18. Rab1 c5 19. Ne2 Ba8 20. Nf3 Qc4 21. Rd7 Rbe8 22. Qe1 Nb6 23. Rd2 Nd5 24. b3 Qe4 25. Bf2 Nxf4 26. Nxf4 Qxf4 27. Rd7 Qg4 28. h3 Qg6 29. Qe2 Bf6 30. Bxc5 Bxe5 31. Qd3 Be4 32. Qe2 0-1

[Event "Montreal op"]
[Site "Montreal CAN"]
[Date "1990.09.01"]
[Round "2"]
[White "Rousseau, Daniel"]
[Black "Larocque, Denis"]
[Result "0-1"]
[WhiteElo "2063"]
[BlackElo "2031"]
[PlyCount "90"]
[GameId "2160767912464496"]
[EventDate "1990.09.01"]
[EventType "swiss"]
[EventRounds "6"]
[EventCountry "CAN"]
[SourceTitle "hb 2011"]

1. e4 c6 2. d4 d5 3. Nd2 dxe4 4. Nxe4 Bf5 5. Ng3 Bg6 6. Nh3 e5 7. f4 exf4 8. Nxf4 Bd6 9. Bc4 Nf6 10. O-O O-O 11. Qf3 Bxf4 12. Qxf4 Bxc2 13. Qf2 Bg6 14. Bg5 Nbd7 15. h4 h6 16. h5 Bh7 17. Bh4 Qa5 18. a3 Rae8 19. b4 Qb6 20. Rad1 Nd5 21. Nf5 Bxf5 22. Qxf5 N7f6 23. Rf3 Re3 24. g4 Rxf3 25. Qxf3 Re8 26. Rd3 Re4 27. Qf5 Rxg4+ 28. Bg3 Rxg3+ 29. Rxg3 Qxd4+ 30. Kh1 Qxc4 31. Qc8+ Kh7 32. Qf5+ Kh8 33. Qc8+ Ng8 34. Qf8 Qh4+ 35. Kg2 Nf4+ 36. Kf3 Nxh5 37. Rg1 Qf4+ 38. Kg2 Qg4+ 39. Kf2 Qd4+ 40. Kf1 Qc4+ 41. Kf2 Kh7 42. Qc8 Qf4+ 43. Kg2 Ngf6 44. Rf1 Qg5+ 45. Kh1 Ng3+ 0-1

[Event "Specialiste Printanier"]
[Site "Montreal CAN"]
[Date "1990.03.17"]
[Round "1"]
[White "Rousseau, Daniel"]
[Black "Marcil, Alexandre"]
[Result "1-0"]
[WhiteElo "2042"]
[BlackElo "1703"]
[PlyCount "63"]
[GameId "2160767912481350"]
[EventDate "1990.03.17"]
[EventType "swiss"]
[EventRounds "4"]
[EventCountry "CAN"]
[SourceTitle "hb 2011"]

1. e4 e5 2. Nf3 Nc6 3. Bb5 a6 4. Ba4 Nf6 5. O-O Be7 6. Re1 b5 7. Bb3 O-O 8. c3 d6 9. h3 Bb7 10. d4 Qd7 11. Nbd2 Rad8 12. Nf1 exd4 13. cxd4 d5 14. e5 Ne4 15. N3h2 Nxd4 16. Qxd4 Bc5 17. Rxe4 Bxd4 18. Rxd4 c5 19. Rg4 c4 20. Bc2 Rfe8 21. Bg5 Rc8 22. Bf6 g6 23. Nf3 Qc7 24. Rd1 Qa5 25. Ng5 h5 26. Rh4 Rc6 27. e6 Rcxe6 28. Nxe6 Rxe6 29. Bd4 Qd8 30. Rf4 Qg5 31. Rf3 Re2 32. Ne3 1-0

[Event "Specialiste Printanier"]
[Site "Montreal CAN"]
[Date "1990.03.17"]
[Round "2"]
[White "Rousseau, Daniel"]
[Black "Leveille, Francois"]
[Result "0-1"]
[WhiteElo "2042"]
[BlackElo "2363"]
[PlyCount "67"]
[GameId "2160767912481352"]
[EventDate "1990.03.17"]
[EventType "swiss"]
[EventRounds "4"]
[EventCountry "CAN"]
[SourceTitle "hb 2011"]

1. d4 Nf6 2. c4 g6 3. Nc3 Bg7 4. e4 d6 5. Be2 O-O 6. Nf3 e5 7. O-O Nc6 8. d5 Ne7 9. Ne1 Nd7 10. Nd3 f5 11. Bd2 Nf6 12. f3 f4 13. g4 g5 14. Be1 Ng6 15. Rc1 h5 16. h3 Kf7 17. c5 a6 18. Bf2 Rg8 19. Qb3 Nh4 20. cxd6 cxd6 21. Na4 hxg4 22. hxg4 Bxg4 23. fxg4 Nxe4 24. Bxh4 gxh4 25. Nxf4 exf4 26. Qxb7+ Kg6 27. Bd3 Kg5 28. Bxe4 Bd4+ 29. Kh1 Qe8 30. Qh7 Be3 31. Qf5+ Kh6 32. Qf6+ Rg6 33. Qxh4+ Kg7 34. Rc7+ 0-1

[Event "Specialiste Printanier"]
[Site "Montreal CAN"]
[Date "1990.03.18"]
[Round "3"]
[White "Rousseau, Daniel"]
[Black "Gaudreau, Alain"]
[Result "1-0"]
[WhiteElo "2042"]
[BlackElo "1890"]
[PlyCount "57"]
[GameId "2160767912481354"]
[EventDate "1990.03.17"]
[EventType "swiss"]
[EventRounds "4"]
[EventCountry "CAN"]
[SourceTitle "hb 2011"]

1. e4 c5 2. Nf3 e6 3. d4 cxd4 4. Nxd4 Nf6 5. Nc3 d6 6. g4 h6 7. Rg1 Nc6 8. Be3 Be7 9. h4 h5 10. gxh5 Nxh5 11. Be2 g6 12. Bg5 a6 13. Qd2 Bxg5 14. hxg5 Nxd4 15. Qxd4 e5 16. Qb4 Nf4 17. O-O-O Ke7 18. Nd5+ Nxd5 19. Rxd5 Qc7 20. Rgd1 Rd8 21. f4 exf4 22. Rxd6 Rxd6 23. e5 Ke8 24. exd6 Qc6 25. Qd4 Bf5 26. Qe5+ Kd8 27. Qe7+ Kc8 28. d7+ Bxd7 29. Bg4 1-0

[Event "Specialiste Printanier"]
[Site "Montreal CAN"]
[Date "1990.03.18"]
[Round "4"]
[White "Glass, Martin"]
[Black "Rousseau, Daniel"]
[Result "0-1"]
[WhiteElo "1954"]
[BlackElo "2042"]
[PlyCount "60"]
[GameId "2160767912481356"]
[EventDate "1990.03.17"]
[EventType "swiss"]
[EventRounds "4"]
[EventCountry "CAN"]
[SourceTitle "hb 2011"]

1. c4 Nf6 2. g3 g6 3. Bg2 Bg7 4. Nc3 O-O 5. e3 c5 6. Nge2 Nc6 7. d4 cxd4 8. exd4 d6 9. h3 Bf5 10. O-O Qc8 11. Kh2 e5 12. Be3 Nb4 13. Nb5 Rd8 14. g4 Be4 15. Bxe4 Nxe4 16. Qb3 Nc6 17. f3 Nf6 18. Qd3 d5 19. Rac1 a6 20. Na3 Qb8 21. f4 exd4 22. Nxd4 dxc4 23. Rxc4 Nd5 24. Nxc6 bxc6 25. Qe2 Re8 26. Rf3 Ra7 27. Qd2 Rae7 28. Nc2 Bxb2 29. Bf2 Re2 30. Qd3 Nc3 0-1

[Event "Specialiste"]
[Site "Montreal CAN"]
[Date "1987.12.05"]
[Round "1"]
[White "Spraggett, Kevin"]
[Black "Rousseau, Daniel"]
[Result "1-0"]
[WhiteElo "2470"]
[BlackElo "2000"]
[PlyCount "41"]
[GameId "2160767912583574"]
[EventDate "1987.12.05"]
[EventType "swiss"]
[EventRounds "4"]
[EventCountry "CAN"]
[SourceTitle "hb 2011"]

1. c4 Nf6 2. Nc3 g6 3. d4 Bg7 4. g3 d5 5. cxd5 Nxd5 6. Bg2 Nxc3 7. bxc3 c5 8. Nf3 O-O 9. O-O Nc6 10. dxc5 Qa5 11. Be3 Be6 12. Rb1 Rfd8 13. Qc1 Rd7 14. Nd4 Bd5 15. Bxd5 Rxd5 16. Rxb7 Rxc5 17. Nb3 Rxc3 18. Nxa5 Rxc1 19. Rxc1 Nxa5 20. Rxa7 Rxa7 21. Rc8+ 1-0

[Event "Specialiste"]
[Site "Montreal CAN"]
[Date "1987.12.05"]
[Round "2"]
[White "Rousseau, Daniel"]
[Black "Deslongchamps, Denis"]
[Result "1-0"]
[WhiteElo "2000"]
[BlackElo "1950"]
[PlyCount "73"]
[GameId "2160767912583575"]
[EventDate "1987.12.05"]
[EventType "swiss"]
[EventRounds "4"]
[EventCountry "CAN"]
[SourceTitle "hb 2011"]

1. e4 c5 2. Nf3 d6 3. d4 cxd4 4. Nxd4 Nf6 5. Nc3 e6 6. g4 Be7 7. g5 Nfd7 8. h4 Nc6 9. Be3 a6 10. Bc4 Nde5 11. Bb3 O-O 12. f4 Nxd4 13. Bxd4 Nc6 14. Be3 b5 15. Qf3 Bb7 16. O-O-O Na5 17. h5 Nxb3+ 18. axb3 Qc7 19. g6 fxg6 20. Qh3 Bf6 21. Qxe6+ Kh8 22. hxg6 h6 23. Bd4 Rae8 24. Rxh6+ gxh6 25. Bxf6+ Rxf6 26. Qxe8+ Kg7 27. e5 Rxg6 28. f5 Rg2 29. f6+ Kh7 30. f7 Bc6 31. exd6 Bxe8 32. fxe8=Q Qa5 33. Qe4+ Rg6 34. d7 Qd8 35. Rg1 Qxd7 36. Qxg6+ Kh8 37. Qg8# 1-0

[Event "Specialiste"]
[Site "Montreal CAN"]
[Date "1987.12.05"]
[Round "3"]
[White "Frappier, Clement"]
[Black "Rousseau, Daniel"]
[Result "1-0"]
[WhiteElo "2000"]
[BlackElo "2000"]
[PlyCount "87"]
[GameId "2160767912583576"]
[EventDate "1987.12.05"]
[EventType "swiss"]
[EventRounds "4"]
[EventCountry "CAN"]
[SourceTitle "hb 2011"]

1. d4 Nf6 2. c4 g6 3. Nc3 Bg7 4. e4 d6 5. Nf3 O-O 6. Be2 e5 7. O-O Nbd7 8. h3 c6 9. Be3 Re8 10. dxe5 dxe5 11. Qd2 Qc7 12. Rad1 Nf8 13. Qd6 Qa5 14. Rd3 Ne6 15. Qxe5 Qxe5 16. Nxe5 Nxe4 17. Nxe4 Bxe5 18. Nd6 Rd8 19. Rfd1 Nf4 20. Bxf4 Bxf4 21. Nxc8 Rxd3 22. Ne7+ Kf8 23. Nxg6+ hxg6 24. Rxd3 Re8 25. Kf1 Re7 26. g3 Be5 27. b3 c5 28. Bf3 Bd4 29. Bd5 b6 30. Rf3 Kg7 31. Kg2 f6 32. h4 Re2 33. a4 Kf8 34. g4 Ke7 35. Rf4 Kd6 36. h5 g5 37. Rf3 Ke7 38. h6 Kf8 39. Kg3 Re1 40. Kg2 Re2 41. Kf1 Rb2 42. Be4 Kg8 43. Rf5 Kh7 44. Rxc5+ 1-0

[Event "Trois-Rivieres op"]
[Site "Trois-Rivieres CAN"]
[Date "1987.09.05"]
[Round "1"]
[White "Fotine, Steve"]
[Black "Rousseau, Daniel"]
[Result "0-1"]
[WhiteElo "1970"]
[BlackElo "1800"]
[PlyCount "110"]
[GameId "2160767912583829"]
[EventDate "1987.09.05"]
[EventType "swiss"]
[EventRounds "5"]
[EventCountry "CAN"]
[SourceTitle "hb 2011"]

1. d4 Nf6 2. c4 g6 3. Nc3 Bg7 4. e4 d6 5. Be2 O-O 6. Bg5 c5 7. d5 h6 8. Be3 Nbd7 9. Qd2 Kh7 10. h3 a6 11. Nf3 Rb8 12. O-O b5 13. cxb5 axb5 14. Qc2 b4 15. Na4 Qa5 16. Nd2 Ra8 17. b3 Ne8 18. Rae1 Nb6 19. Nc4 Nxc4 20. Bxc4 Bd7 21. f4 Nc7 22. e5 Nb5 23. Bc1 Nd4 24. Qd3 Bxa4 25. bxa4 Qxa4 26. Rf2 Qa5 27. Bb2 Rfb8 28. Bxd4 cxd4 29. Bb3 Rc8 30. Qxd4 Rc3 31. Kh1 Rac8 32. Qe4 Qc5 33. Ree2 Kg8 34. Ba4 Rc4 35. Qf3 Qd4 36. Rd2 Qa1+ 37. Rd1 Rc1 38. exd6 exd6 39. Kh2 Rxd1 40. Qxd1 Rc1 41. Qe2 Rh1+ 42. Kg3 Bc3 43. Qe8+ Kg7 44. Kf3 Be1 45. Rc2 Qd1+ 46. Qe2 Qxd5+ 47. Qe4 Qh5+ 48. Ke3 Bc3 49. Re2 Rf1 50. Bb3 Qh4 51. Kd3 Rxf4 52. Qe7 Rd4+ 53. Kc2 Rd2+ 54. Kc1 Qf4 55. Re3 Re2 0-1

[Event "Trois-Rivieres op"]
[Site "Trois-Rivieres CAN"]
[Date "1987.09.06"]
[Round "2"]
[White "Rousseau, Daniel"]
[Black "Morin, Roch"]
[Result "0-1"]
[WhiteElo "1950"]
[BlackElo "1900"]
[PlyCount "102"]
[GameId "2160767912583831"]
[EventDate "1987.09.05"]
[EventType "swiss"]
[EventRounds "5"]
[EventCountry "CAN"]
[SourceTitle "hb 2011"]

1. d4 Nf6 2. c4 e5 3. dxe5 Ng4 4. Nf3 Bc5 5. e3 Nc6 6. Be2 Ngxe5 7. O-O d6 8. Nc3 Be6 9. Nd5 Nxf3+ 10. Bxf3 Ne5 11. b3 Nxf3+ 12. Qxf3 c6 13. Nf4 Qf6 14. Rb1 O-O-O 15. Bb2 Qg5 16. a3 d5 17. b4 Bd6 18. b5 Bf5 19. Rbc1 Be4 20. Qg3 Bxf4 21. exf4 Qxg3 22. hxg3 Bd3 23. Rfe1 Bxc4 24. bxc6 bxc6 25. Re7 Rd7 26. Rce1 f6 27. Bd4 a6 28. g4 Rhd8 29. R7e6 Rd6 30. R6e3 R6d7 31. g5 fxg5 32. fxg5 Rf8 33. g3 Rff7 34. f4 Rb7 35. Re8+ Kd7 36. Rh8 Kd6 37. Ree8 g6 38. Rd8+ Rbd7 39. Rc8 Bb5 40. Bc3 Ke6 41. Bd4 Kf5 42. Rhe8 Kg4 43. Re3 Rfe7 44. Be5 d4 45. Re4 Kf3 46. Rxd4 Rxd4 47. Bxd4 Re1+ 48. Kh2 Re2+ 49. Kh1 Kxg3 50. Rd8 Re1+ 51. Bg1 Be2 0-1

[Event "Trois-Rivieres op"]
[Site "Trois-Rivieres CAN"]
[Date "1987.09.07"]
[Round "4"]
[White "Rousseau, Daniel"]
[Black "Samson, Gaetan"]
[Result "1-0"]
[WhiteElo "1950"]
[BlackElo "1750"]
[PlyCount "45"]
[GameId "2160767912583834"]
[EventDate "1987.09.05"]
[EventType "swiss"]
[EventRounds "5"]
[EventCountry "CAN"]
[SourceTitle "hb 2011"]

1. e4 c5 2. Nf3 d6 3. d4 cxd4 4. Nxd4 Nf6 5. Nc3 a6 6. Bg5 e6 7. f4 Qc7 8. Qf3 Nbd7 9. O-O-O b5 10. Bxb5 axb5 11. Ndxb5 Qb8 12. e5 Bb7 13. Qh3 dxe5 14. fxe5 Nd5 15. Rhe1 Bb4 16. Nxd5 Bxd5 17. Rxd5 exd5 18. Nd6+ Kf8 19. Nxf7 Bxe1 20. Qxd7 Rxa2 21. Qe7+ Kg8 22. Nh6+ gxh6 23. Qe6+ 1-0

[Event "Trois-Rivieres op"]
[Site "Trois-Rivieres CAN"]
[Date "1987.09.07"]
[Round "5"]
[White "Rousseau, Daniel"]
[Black "Morin, Louis"]
[Result "1-0"]
[WhiteElo "1950"]
[BlackElo "1910"]
[PlyCount "63"]
[GameId "2160767912583835"]
[EventDate "1987.09.05"]
[EventType "swiss"]
[EventRounds "5"]
[EventCountry "CAN"]
[SourceTitle "hb 2011"]

1. e4 e5 2. Nf3 d6 3. d4 Nd7 4. Bc4 c6 5. O-O Be7 6. dxe5 dxe5 7. Ng5 Bxg5 8. Qh5 Qe7 9. Bxg5 Ngf6 10. Qe2 b5 11. Bb3 Nc5 12. Nd2 a6 13. Rae1 Be6 14. f4 Nxb3 15. axb3 Qc5+ 16. Kh1 Bg4 17. Nf3 exf4 18. Bxf6 gxf6 19. Qd2 Bxf3 20. Rxf3 Rd8 21. Qxf4 Qe5 22. Qg4 Qg5 23. Qh3 h5 24. Rf5 Qd2 25. Ref1 Qxc2 26. Rxf6 Rh7 27. Qf5 Rg7 28. Rg6 Qxb2 29. e5 fxg6 30. Qe6+ Re7 31. Qg8+ Kd7 32. Rd1+ 1-0

[Event "Specialiste op"]
[Site "Montreal CAN"]
[Date "1987.01.23"]
[Round "1"]
[White "Rousseau, Daniel"]
[Black "Cazelais, Marc"]
[Result "1-0"]
[WhiteElo "1968"]
[BlackElo "1850"]
[PlyCount "81"]
[GameId "2160767912650213"]
[EventDate "1987.01.23"]
[EventType "swiss"]
[EventRounds "5"]
[EventCountry "CAN"]
[SourceTitle "hb 2011"]

1. e4 c5 2. Nf3 d6 3. d4 cxd4 4. Nxd4 Nf6 5. Nc3 g6 6. Be3 Bg7 7. f3 O-O 8. Qd2 Nc6 9. Bc4 Bd7 10. O-O-O Rc8 11. Bb3 Ne5 12. h4 h5 13. Bg5 Rc5 14. f4 Nc4 15. Qd3 b5 16. e5 Ng4 17. Qe2 Ngxe5 18. fxe5 Bxe5 19. Rd3 Qa5 20. Ne4 Rc7 21. Rf1 d5 22. Bd2 Qb6 23. Nc3 Bg4 24. Qf2 Rc5 25. Bh6 Bg7 26. Bxg7 Kxg7 27. Nf3 Qc6 28. Qd4+ Kg8 29. Nxd5 Rxd5 30. Qxd5 Qxd5 31. Rxd5 Ne3 32. Rf2 Nxg2 33. Ng5 Nxh4 34. Rxb5 e6 35. Rb7 Nf5 36. Rxa7 Rd8 37. c3 Nd6 38. Nxf7 Nxf7 39. Rfxf7 h4 40. Rg7+ Kf8 41. Rh7 1-0

[Event "Specialiste op"]
[Site "Montreal CAN"]
[Date "1987.01.24"]
[Round "2"]
[White "Barbeau, Sylvain"]
[Black "Rousseau, Daniel"]
[Result "1-0"]
[WhiteElo "2361"]
[BlackElo "1968"]
[PlyCount "71"]
[GameId "2160767912650214"]
[EventDate "1987.01.23"]
[EventType "swiss"]
[EventRounds "5"]
[EventCountry "CAN"]
[SourceTitle "hb 2011"]

1. d4 Nf6 2. c4 g6 3. Nc3 Bg7 4. e4 d6 5. f3 O-O 6. Bg5 h6 7. Be3 Nc6 8. Qd2 Kh7 9. Nge2 e5 10. d5 Ne7 11. g4 Ne8 12. Ng3 c5 13. Bd3 a6 14. h4 Bd7 15. O-O-O b5 16. Rdg1 bxc4 17. Bb1 Nc7 18. Bxh6 Bxh6 19. g5 Ng8 20. gxh6 Nb5 21. f4 Nd4 22. Rf1 Qe7 23. h5 a5 24. f5 gxf5 25. Nxf5 Bxf5 26. exf5 f6 27. Rhg1 Rf7 28. Rg6 a4 29. Ne4 a3 30. Ng5+ Kh8 31. Nxf7+ Qxf7 32. Qg2 axb2+ 33. Kd2 c3+ 34. Kd3 Qb7 35. Rg7 Qb5+ 36. Ke3 1-0

[Event "Specialiste op"]
[Site "Montreal CAN"]
[Date "1987.01.24"]
[Round "3"]
[White "Saziouk, Alexandre"]
[Black "Rousseau, Daniel"]
[Result "1-0"]
[WhiteElo "1750"]
[BlackElo "1974"]
[PlyCount "126"]
[GameId "2160767912650217"]
[EventDate "1987.01.23"]
[EventType "swiss"]
[EventRounds "5"]
[EventCountry "CAN"]
[SourceTitle "hb 2011"]

1. f4 Nf6 2. b3 g6 3. Bb2 Bg7 4. Nf3 O-O 5. e3 d6 6. Bd3 Nc6 7. O-O a6 8. Nc3 Nb4 9. Be2 Bf5 10. d3 c5 11. Nh4 Bd7 12. a3 Nc6 13. Qd2 Nd5 14. Nf3 b5 15. e4 Nb6 16. Rae1 e5 17. Nd5 Bh6 18. g3 f5 19. Ng5 fxe4 20. dxe4 Nd4 21. Bxd4 cxd4 22. Nxb6 Qxb6 23. Bd3 Rf6 24. h4 Raf8 25. Kh2 Qd8 26. Rf2 Qe7 27. Ref1 Bg7 28. Qe2 h6 29. Nh3 Kh8 30. f5 gxf5 31. exf5 d5 32. Nf4 Qd6 33. Ng6+ Kg8 34. Nxf8 Rxf8 35. Qh5 e4 36. Be2 Rf6 37. b4 a5 38. Rb1 Qc7 39. Bd1 Qc3 40. Rb3 Qc7 41. bxa5 Qxa5 42. Qe2 Qc7 43. Qf1 Bf8 44. Rg2 Bd6 45. Bg4 Bc6 46. Be2 b4 47. axb4 Ba4 48. Rb1 Qd7 49. Bg4 Bb5 50. Qc1 Qg7 51. Qd1 Rf7 52. Ra1 Qf6 53. Kh1 Rg7 54. Ra5 Bc4 55. b5 Qd8 56. Ra4 Be5 57. Rb4 Qd6 58. Ra4 Qb8 59. Ra6 Qxb5 60. Rxh6 d3 61. f6 Bxf6 62. Rxf6 d4 63. cxd3 exd3 1-0

[Event "Specialiste op"]
[Site "Montreal CAN"]
[Date "1987.01.25"]
[Round "4"]
[White "Rousseau, Daniel"]
[Black "Beauchamp, Pierre"]
[Result "0-1"]
[WhiteElo "1974"]
[BlackElo "1950"]
[PlyCount "76"]
[GameId "2160767912650220"]
[EventDate "1987.01.23"]
[EventType "swiss"]
[EventRounds "5"]
[EventCountry "CAN"]
[SourceTitle "hb 2011"]

1. e4 e6 2. d4 d5 3. Nd2 c5 4. Ngf3 Nc6 5. exd5 exd5 6. Bb5 Bd6 7. O-O Nge7 8. dxc5 Bxc5 9. Nb3 Bd6 10. Bg5 O-O 11. Re1 Bg4 12. Be2 Qc7 13. h3 Bd7 14. Nbd4 a6 15. c3 Rfe8 16. Bd3 h6 17. Be3 Rac8 18. Rc1 Ne5 19. Nxe5 Bxe5 20. Qf3 Rcd8 21. Rc2 Nc6 22. Nxc6 Bxc6 23. Qd1 Qa5 24. Rce2 Bf6 25. Qb3 b5 26. a3 d4 27. cxd4 Bxd4 28. Bxd4 Rxe2 29. Rxe2 Rxd4 30. Re7 Rf4 31. Qc2 Qd8 32. Re5 Rf6 33. Qe2 Rd6 34. Be4 f6 35. Rh5 Rd1+ 36. Kh2 Qd6+ 37. g3 Rd2 38. Qe3 Bxe4 0-1

[Event "Pere Noel"]
[Site "Montreal CAN"]
[Date "1986.12.26"]
[Round "1"]
[White "Rousseau, Daniel"]
[Black "Trottier, Alain"]
[Result "1/2-1/2"]
[WhiteElo "1936"]
[BlackElo "1702"]
[PlyCount "93"]
[GameId "2160767912650528"]
[EventDate "1986.12.26"]
[EventType "swiss"]
[EventRounds "5"]
[EventCountry "CAN"]
[SourceTitle "hb 2011"]

1. e4 g6 2. d4 Bg7 3. Nf3 d6 4. Bc4 Nf6 5. Qe2 c6 6. Bb3 O-O 7. h3 a6 8. O-O Qc7 9. Bf4 b5 10. Nbd2 Nh5 11. Bh2 e5 12. g4 Nf4 13. Bxf4 exf4 14. e5 d5 15. Rfe1 Be6 16. Nf1 h6 17. Qd2 g5 18. c3 Nd7 19. Bc2 Rfe8 20. Qd3 Nf8 21. N1d2 Ng6 22. Qf1 Nf8 23. h4 Bxg4 24. hxg5 h5 25. Nh4 Qe7 26. Ndf3 Qe6 27. Kh2 Bxf3 28. Nxf3 Ng6 29. Qh3 Qxh3+ 30. Kxh3 Bf8 31. b4 a5 32. a3 Kg7 33. Nh4 Nxh4 34. Kxh4 Be7 35. Bd3 Ra7 36. Be2 Rea8 37. Rac1 Bd8 38. Bxh5 axb4 39. cxb4 Rxa3 40. Rxc6 Ra2 41. e6 fxe6 42. Rexe6 Rxf2 43. Rg6+ Kf8 44. Rce6 Rh2+ 45. Kg4 Raa2 46. Rh6 Rag2+ 47. Kf3 1/2-1/2

[Event "Pere Noel"]
[Site "Montreal CAN"]
[Date "1986.12.27"]
[Round "2"]
[White "Cossette, Daniel"]
[Black "Rousseau, Daniel"]
[Result "0-1"]
[WhiteElo "1956"]
[BlackElo "1936"]
[PlyCount "158"]
[GameId "2160767912650530"]
[EventDate "1986.12.26"]
[EventType "swiss"]
[EventRounds "5"]
[EventCountry "CAN"]
[SourceTitle "hb 2011"]

1. d4 Nf6 2. c4 g6 3. Nc3 Bg7 4. e4 d6 5. f4 O-O 6. Nf3 c5 7. d5 e6 8. Be2 exd5 9. e5 dxe5 10. fxe5 Ng4 11. Bg5 f6 12. exf6 Bxf6 13. Bxf6 Qxf6 14. Nxd5 Qxb2 15. O-O Nc6 16. h3 Nge5 17. Nc7 Rd8 18. Qe1 Rb8 19. Rb1 Nxf3+ 20. Bxf3 Qd4+ 21. Kh1 Bf5 22. Bd5+ Kh8 23. Ne6 Bxe6 24. Qxe6 Re8 25. Qf6+ Qxf6 26. Rxf6 Ne5 27. Rxb7 Rxb7 28. Bxb7 Nxc4 29. Bc6 Kg7 30. Rf4 Re1+ 31. Kh2 Ne5 32. Bd5 Rd1 33. Bb3 Rd4 34. Rf1 c4 35. Bc2 Rd2 36. Bb1 Nd3 37. Kg3 c3 38. Bxd3 Rxd3+ 39. Kf4 Rd2 40. g4 Rxa2 41. Rc1 Ra4+ 42. Ke3 Rc4 43. Kd3 Rc8 44. Ra1 Rc7 45. Kc2 Kf6 46. Re1 Kg5 47. Re3 Kf4 48. Rd3 Ke4 49. Rd8 Rf7 50. Re8+ Kf3 51. g5 Kg3 52. Re3+ Kh4 53. Re5 Kxh3 54. Kxc3 Kg4 55. Kd4 Rf4+ 56. Ke3 Rf3+ 57. Ke4 Rh3 58. Ra5 Rh5 59. Rxa7 Kxg5 60. Kf3 Rh4 61. Ra5+ Kh6 62. Ra7 g5 63. Ra6+ Kh5 64. Kg3 Rb4 65. Ra7 Rb3+ 66. Kg2 h6 67. Ra5 Kh4 68. Ra6 Rb2+ 69. Kf3 g4+ 70. Kf4 Rf2+ 71. Ke3 Rf3+ 72. Ke4 h5 73. Rh6 Kg5 74. Rh8 Rf6 75. Rg8+ Rg6 76. Ra8 Kh4 77. Ra3 g3 78. Ra1 g2 79. Rg1 Kg3 0-1